000 00610nab a2200217 a 4500
001 23948
003 78769
005 20201118100358.0
008 ||||||n9999 ||| || ||
041 _aspa
110 _aColombia. Presidencia de la República
245 0 _aOrdenes del Presidente de la Republica: normas para hacerlas efectivas a nivel departamental y municipal
260 _aBogotá :
_bLegis,
_c1992.
300 _app. 512-513
562 _e0
650 _aDECRETOS LEGISLATIVOS
650 _aORDEN PÚBLICO
650 _aPRESIDENTES
773 _057819
_aLegislación
942 _cSART
999 _c23948
_d23948